000 00546nam a22002177a 4500
003 BJBSDDR
005 20260305131838.0
007 ta
008 260305s2019 sp ||||| |||| 00| 0 spa d
020 _a9788497848053
020 _a 8497848055
040 _bspa
_cBJBSDDR
041 _aspa
050 _bF386 2019
100 1 _aFerrés, Joan
_947341
245 1 4 _aLas pantallas y el cerebro emocional /
_cJoan Ferrés
260 _aBarcelona :
_bGedisa,
_c2019
300 _a254 páginas ;
_c23 cm
942 _2lcc
_n0
_cBK
946 _icmc
999 _c126523
_d126523